| 000 -LEADER |
| fixed length control field |
01107pab a2200217 454500 |
| 008 - FIXED-LENGTH DATA ELEMENTS--GENERAL INFORMATION |
| fixed length control field |
180718b1998 xxu||||| |||| 00| 0 eng d |
| 100 ## - MAIN ENTRY--PERSONAL NAME |
| Personal name |
Bhargava, B.S. |
| 245 ## - TITLE STATEMENT |
| Title |
Protective discrimination and development of scheduled castes: An alternative model for good governance |
| 260 ## - PUBLICATION, DISTRIBUTION, ETC. |
| Date of publication, distribution, etc. |
1998 |
| 300 ## - PHYSICAL DESCRIPTION |
| Extent |
p.508-519. |
| 362 ## - DATES OF PUBLICATION AND/OR SEQUENTIAL DESIGNATION |
| Dates of publication and/or sequential designation |
Jul-Sep |
| 520 ## - SUMMARY, ETC. |
| Summary, etc. |
Following a brief outlining of issue, current importance, genesis and logic of the reservation policy, the authors attempt an objective analysis of the policy to ascertain its implications and impact an socio-economic upliftment of the targeted section of population. Using the term `protective discrimination' interchangibly with reservation policy, they present an alternative model specifyingly suggesting how to follow the policy and to whom its benefits be channelised. - Reproduced |
| 650 ## - SUBJECT ADDED ENTRY--TOPICAL TERM |
| Topical term or geographic name entry element |
Scheduled caste |
| 650 ## - SUBJECT ADDED ENTRY--TOPICAL TERM |
| Topical term or geographic name entry element |
Good governance - India |
| 650 ## - SUBJECT ADDED ENTRY--TOPICAL TERM |
| Topical term or geographic name entry element |
Backward classes - India |
| 650 ## - SUBJECT ADDED ENTRY--TOPICAL TERM |
| Topical term or geographic name entry element |
Backward classes |
| 700 ## - ADDED ENTRY--PERSONAL NAME |
| Personal name |
Samal, Avinash |
| 773 ## - HOST ITEM ENTRY |
| Main entry heading |
Indian Journal of Public Administration |
| 908 ## - PUT COMMAND PARAMETER (RLIN) |
| Put command parameter |
N |
| 909 ## - |
| -- |
39388 |